00000000cas 2200000zi 4500
0019.961898
003CaOODSP
00520260515161219
006m     o  d f      
007cr cn ||||||||
008260414c20169999oncar p o    f0   a0eng|d
022 |a3111-0851
040 |aCaOODSP|beng|erda|cCaOODSP
043 |an-cn---
0861 |aCi1-78E-PDF
1101 |aCanada. |bImmigration, Refugees and Citizenship Canada, |eauthor, |eissuing body.
222 0|aConsolidated financial statements for the year ended ... |b(Canada. Immigration, Refugees and Citizenship Canada)
24510|aConsolidated financial statements for the year ended ...
264 1|a[Ottawa] : |bImmigration, Refugees and Citizenship Canada, |c[2016]-
310 |aAnnual
336 |atext|btxt|2rdacontent
337 |acomputer|bc|2rdamedia
338 |aonline resource|bcr|2rdacarrier
3621 |aBegan with: March 31, 2016.
500 |aIssued also in French under title: États financiers consolidés pour l'exercice terminé le ...
500 |aSome issues are only available in HTML format.
588 |aDescription based on: March 31, 2016; title from HTML header.
588 |aLatest issue consulted: March 31, 2025.
61010|aCanada. |bImmigration, Refugees and Citizenship Canada|xAppropriations and expenditures|vPeriodicals.
650 0|aFinancial statements, Unaudited|zCanada|vPeriodicals.
655 7|aPeriodicals|2lcgft
77508|tÉtats financiers consolidés pour l'exercice terminé le ...|w(CaOODSP)9.961897